000 01075nab a22002417a 4500
999 _c6533
_d6533
003 OSt
005 20260223104049.0
008 190506c xxu||||| |||| 00| 0 spa d
040 _cPJ
100 _97132
_aSerra Mansilla, Adriana P.
245 1 0 _aPluriempleo y teletrabajo :
_bprevención de riesgos laborales, una asignatura pendiente /
_cAdriana P. Serra Mansilla.
260 _aBuenos Aires :
_bAbeledoPerrot,
_c2024.
300 _ap. 18-26
500 _aCita: TR LALEY AR/DOC/138/2024.
505 _aSumario: I. Introducción.— II. Pluriempleo.— III. Teletrabajo.— IV. Condiciones y Medioambiente de trabajo.— V. Conclusión.— VI. Listado de referencias.
505 _t¿Te interesa el texto completo? Comunicate al correo: koha@justierradelfuego.gov.ar
650 0 _91316
_aDERECHO LABORAL
650 0 _91402
_aJORNADA DE TRABAJO
650 0 _94439
_aTELETRABAJO
650 0 _91430
_aRIESGOS DEL TRABAJO
773 0 _02751
_93202
_dBuenos Aires : AbeledoPerrot, 2013-
_tRevista de derecho laboral y seguridad social. Nº 5 - Marzo 2024
942 _2udc
_cANA